LEADER 01571nam0 22003733i 450 001 VAN00282409 005 20251216084037.662 017 70$2N$a9783319270692 100 $a20241031d2016 |0itac50 ba 101 $aeng 102 $aCH 105 $a|||| ||||| 181 $ai$b e 182 $ab 183 $acr 200 1 $aˆA ‰Time for Metabolism and Hormones$feditors Paolo Sassone-Corsi, Yves Christen 210 $aCham$cSpringer$d2016 215 $aXIII, 132 p.$cill.$d24 cm 410 1$1001VAN00282413$12001 $aResearch and Perspectives in Endocrine Interactions$1210 $aCham$cSpringer$d2010- 620 $aCH$dCham$3VANL001889 676 $a616.4$cEndocrinologia$v22 676 $a612$cFisiologia umana$v22 676 $a571.6$cBiologia cellulare$v22 702 1$aChristen$bYves$3VANV235253 702 1$aSassone-Corsi$bPaolo$3VANV235251 712 $aSpringer $3VANV108073$4650 801 $aIT$bSOL$c20251219$gRICA 856 4 $uhttps://link.springer.com/book/10.1007/978-3-319-27069-2$zE-book - Accesso al full-text attraverso riconoscimento IP di Ateneo, proxy e/o Shibboleth 899 $aBIBLIOTECA DEL DIPARTIMENTO DI SCIENZE E TECNOLOGIE AMBIENTALI BIOLOGICHE E FARMACEUTICHE$1IT-CE0101$2VAN17 912 $fN 912 $aVAN00282409 950 $aBIBLIOTECA DEL DIPARTIMENTO DI SCIENZE E TECNOLOGIE AMBIENTALI BIOLOGICHE E FARMACEUTICHE$d17CONS e-book 177 $e17BIB177/2 2 20241031 996 $aTime for Metabolism and Hormones$94410889 997 $aUNICAMPANIA